| 000 | 00559nam a2200181Ia 4500 | ||
|---|---|---|---|
| 003 | GCL | ||
| 008 | 140319s9999 xx 000 0 ara d | ||
| 040 |
_aGCL / _cGCL |
||
| 082 | 0 | 4 |
_a251 _bع ف |
| 100 | 1 | _aعبدالعزيز بن عبدالله بن باز(ل) | |
| 245 | 1 | 0 |
_aفتاوى وتنبيهات ونصائح / _cعبدالعزيز بن عبدالله بن باز(ل) |
| 260 |
_a[S.N] : _bدار الجيل ، _c1991 |
||
| 300 | _a640 ص | ||
| 490 | _a | ||
| 650 | 0 | 4 | _aالافتاء |
| 650 | 0 | 4 | _aالفقه الاسلامى |
| 942 |
_2ddc _cBK |
||
| 999 |
_c58333 _d58333 |
||